000 nam a22 a 4500
999 _c390768
_d390768
003 BLK
005 20201028110343.0
008 180409b bul|||||r ||||||| ||bul||
010 _aKNG00105093000
040 _aBLK
041 _aFRE
_cFRE
080 _aЛогика. Теория на познанието. Логическа методология. Херменевтика(философ. аспекти)Епистемология. Вж и 801.73
_b16
_z16
100 1 _aHegel, Georg Wilhelm Friedrich
_eпърви автор
_912634
139 _aHegel, Georg Wilhelm Friedrich
245 1 0 _aLogique
_cGeorg Wilhelm Friedrich Hegel; trad. pour la premiere fois et accompagnee d'une introd. et d'un commentaire perpetuel par Augusto Vera.
_nT. I
_bT. I-II
250 _a2. Ed. rev. et corr.
257 _aFRA
260 _aParis
_c1874
_9213436
_bLibr. Germer Bailliere
260 _9213431
_bLibr. Guillaumin
300 _c21 см
380 _a1
490 _9435080
_aКолекция Редки и ценни издания
500 _aДатирана: D. Karanecheff,30.VII. 1903, Geneve.
650 7 _aЛогика
_9160748
653 7 _aлогика
_9190062
700 _9284
_aVera, Augusto
_etrad.
760 _aHegel, Georg Wilhelm Friedrich
_b2. Ed. rev. et corr.
_dParis
_hXX, 489 c.
_oT. I
_tLogique
852 _aРф 874
_bРц
856 4 _qpdf
856 4 _qpdf
942 _cKNG
_n0
_s1
944 _aCR
_c2020-10-28
_kТД
944 _aED
_c03.05.2012
999 _d390768
999 _d390768
999 _d390767
999 _d390767
999 _d390764
999 _d390764
999 _d390764
999 _d100075